Movies Quiz

Random Movies or Director Quiz

Movie Multitaskers: Directors as Actors Quiz Stats

 Plays Quiz Updated May 25, 2016

Score 0/30 Timer 08:00
2 Plays Today
% Correct
Million Dollar Baby (Clint Eastwood)
95.6%
Braveheart (Mel Gibson)
82.6%
This Is Spinal Tap (Rob Reiner)
74.2%
Annie Hall (Woody Allen)
74.1%
Dances with Wolves (Kevin Costner)
68.6%
The Expendables (Sylvester Stallone)
67.3%
Reservoir Dogs (Quentin Tarantino)
66.4%
Blazing Saddles (Mel Brooks)
65.7%
Monty Python and the Holy Grail (Terry Gilliam)
64.8%
Dick Tracy (Warren Beatty)
58.5%
Jay and Silent Bob Strike Back (Kevin Smith)
57.7%
Garden State (Zach Braff)
56.1%
Life Is Beautiful (Roberto Benigni)
55.7%
The Town (Ben Affleck)
52.5%
Sling Blade (Billy Bob Thornton)
50.9%
% Correct
A Million Ways to Die in the West (Seth MacFarlane)
46.1%
The Secret Life of Walter Mitty (Ben Stiller)
44.2%
That Thing You Do! (Tom Hanks)
43.8%
Do the Right Thing (Spike Lee)
42.8%
The Horse Whisperer (Robert Redford)
42.7%
Citizen Kane (Orson Welles)
42.2%
Easy Rider (Dennis Hopper)
40.1%
Don Jon (Joseph Gordon-Levitt)
39.5%
A Bronx Tale (Robert De Niro)
31.3%
City Lights (Charles Chaplin)
31.3%
The Ides of March (George Clooney)
30%
Whip It (Drew Barrymore)
29.8%
Much Ado About Nothing (Kenneth Branagh)
22.2%
The Great Debaters (Denzel Washington)
19.4%
The General (Buster Keaton)
18.4%

You're not logged in!

Compare scores with friends on all Sporcle quizzes.
OR
Log In

Show Comments

Extras

Top Quizzes Today


Score Distribution

Your Account Isn't Verified!

In order to create a playlist on Sporcle, you need to verify the email address you used during registration. Go to your Sporcle Settings to finish the process.

Report this User

Report this user for behavior that violates our Community Guidelines.

Details: